01819nam a22002657a 4500008004100000020001800041040000800059041000800067100003900075245003100114260003200145300002400177520096600201650003301167650004101200650002701241650003801268650003701306651003001343651003601373655002801409942000801437952009301445999001501538250616b |||||||| |||| 00| 0 eng d a9781529094084 ctbs aeng aMorton, Kated1976-925438eauthor aHomecomingc/ Kate Morton. aDublin :bPan Books,c2024. a631 pages ;c20 cm. aDiscover this breathtaking mystery of love, lies and a cold case come back to life, from the multi-million-copy bestseller, Kate Morton. Adelaide Hills, 1959. At the end of a scorching hot day, in the grounds of a grand country house, a local man makes a terrible discovery. Police are called, and the small town of Tambilla becomes embroiled in one of the most mystifying murder investigations in the history of Australia. London, 2018. Jess is a journalist in search of a story. Having lived and worked in London for nearly two decades, a phone call summons her back to Sydney, where her beloved grandmother, Nora, has suffered a fall and is seriously ill in hospital. Seeking comfort in her past, Jess discovers a true crime book at Nora’s house chronicling a long-buried police case: the Turner Family Tragedy of 1959. And within its pages she finds a shocking personal connection to this notorious event – a crime that has never truly been solved... 0aGrandmothersvFiction925439 0aMurderxInvestigationvFiction97769 0aMurdervFiction925440 0aWomen journalistsvFiction925441 0aNineteen fiftiesvFiction925442 0aAustraliavFiction925443 0aSydney (N.S.W.)vFiction925444 0aSuspense fiction922726 2lcc 00102lcc4070aTBSbTBSd2025-06-16l0oP-EN-MORpB05851r2025-06-16t1w2025-06-16y1 c4740d4740